000 00599nam a2200241Ia 4500
003 OSt
005 20220924152851.0
006 a|||||r|||| 00| 0
007 ta
008 220923b |||||||| |||| 00| 0 tel d
024 _a345546
037 _cTextual
040 _aARTS
_cARTS
_btel
041 _2tel
_atel
082 _aO35,6x, N0
100 _aChalasani Prasad Rao Au.
_9227689
245 0 _aRasana
260 _c1990
300 _a64p.
_ccm.
650 _aTELUGU LITERATURE
942 _hO35,6x, N0
_cTEXL
_2CC
999 _c471341
_d471341